Вып. 43 : Геология Тургайского прогиба. Вып. 1: сборник статей; Материалы Всесоюзного научно-исследовательского геологического института (ВСЕГЕИ)

書誌詳細
Parent link:Материалы Всесоюзного научно-исследовательского геологического института (ВСЕГЕИ): [сборник статей]/ Всесоюзный научно-исследовательский геологический институт (ВСЕГЕИ). Вып. 43 : Геология Тургайского прогиба. Вып. 1.— , 1947-1961
その他の著者: Овечкин Н. К. (редактор)
言語:ロシア語
出版事項: 1961
シリーズ:Новая серия
主題:
フォーマット: 図書
KOHA link:https://koha.lib.tpu.ru/cgi-bin/koha/opac-detail.pl?biblionumber=355120

MARC

LEADER 00000nam2a2200000 4500
001 355120
005 20250423063230.0
035 |a (RuTPU)RU\TPU\retro\12379 
035 |a RU\TPU\retro\12376 
090 |a 355120 
100 |a 20200702d1961 k y0rusy50 ca 
101 0 |a rus 
102 |a RU 
105 |a a z 001zy 
200 0 |a Вып. 43 : Геология Тургайского прогиба. Вып. 1  |e сборник статей  |f под ред. Н. К. Овечкина 
210 |d 1961 
215 |a 227 с.  |c ил. 
225 1 |a Новая серия 
320 |a Библиогр. в конце ст. 
461 1 |0 (RuTPU)RU\TPU\retro\11720  |t Материалы Всесоюзного научно-исследовательского геологического института (ВСЕГЕИ)  |o [сборник статей]  |f Всесоюзный научно-исследовательский геологический институт (ВСЕГЕИ)  |v Вып. 43 : Геология Тургайского прогиба. Вып. 1  |d 1947-1961 
500 1 0 |a Труды Всесоюзного научно-исследовательского геологического института  |9 88882 
606 1 |a Геология  |y Казахстан  |2 stltpush  |3 (RuTPU)RU\TPU\subj\72113  |9 85700 
610 1 |a исследования 
610 1 |a Тургайский прогиб 
610 1 |a стратиграфия 
610 1 |a минералогия 
610 1 |a литология 
610 1 |a магматизм 
610 1 |a тектоника 
610 1 |a полезные ископаемые 
675 |a 55(574)  |v 4 
702 1 |a Овечкин  |b Н. К.  |4 340 
801 1 |a RU  |b 63413507  |c 20200619 
801 2 |a RU  |b 63413507  |c 20200702  |g RCR 
850 |a 63413507 
942 |c CR